| 000 | 00507cam a2200193ua 4500 | ||
|---|---|---|---|
| 001 | 815 | ||
| 005 | 20260515113228.0 | ||
| 008 | 110420n ii |||gr||||Z||||||eng | ||
| 040 | _cMAIN | ||
| 082 | _a320.5 | ||
| 245 | 1 |
_aGreat political thinkers. : _bPlato to Aristotle. / _cBy William Ebenstein. |
|
| 250 | _a3rd. | ||
| 260 |
_aBombay.: _bOxford.,960. |
||
| 300 |
_a978 p.: _c29 cm. |
||
| 653 | _aPolitical science. | ||
| 653 | _aGreat political thinkers. | ||
| 700 | 1 | _aEbenstein, William., | |
| 942 | _cBK | ||
| 999 |
_c740 _d740 |
||